00422nam a22001577a 450000500170000001000150001702000230003203500140005503700090006908200110007810000180008924500440010726000350015127000570018630000210024320240913161250.0 aENG-141068 c595.00a8188090913 aEN-124600 bDBAD a615.85 aRajnish Kumar aMemory Mind and Body/cBy Rajnish Kumar aDelhibSwastik Prakashanc2017 bDelhiaAtma Ram Building 1376, Kashmere Gatee110006 a272p.c23cm(pbk)